-Ugh Vocabulary - Statistics

General Stats
  • This quiz has been taken 29 times
  • The average score is 10 of 18
Answer Stats
Hint Answer % Correct
A mixture of flour and liquid, useful for making pastries such as cookies. Dough
88%
This is a symptom or potential sign of COVID. Cough
83%
An irregular and coarse surface, the opposite of smooth. Rough
83%
A potential synonym for "however", meaning in spite of a fact. Although
79%
A town/district within a city with its own council for government. Borough
75%
To be careful and complete in detail. Thorough
75%
People do this in response to something funny or amusing. Laugh
67%
A farm instrument for loosening/turning soil before planting seeds in them (British spelling). Plough
63%
A simplified version of the first answer in this quiz. Though
63%
Adjective for being at a degree that fulfills what is necessary. Enough
58%
To move in one side and out the other side of something. Through
58%
To be strong enough to withstand harsh conditions or general hardship. Tough
58%
To discharge workers from a job due to work shortages or economic issues. Furlough
54%
Naturally leavened bread, which uses wild yeast/bacteria as fermentation. Sourdough
50%
A sudden and dramatic discovery that is crucially important. Breakthrough
25%
A narrow valley or ravine. Clough
13%
An exclamation of disgust (not just "ugh" itself). Augh
8%
A loud, coarse laugh. Has an animal within the word. Horselaugh
8%
No matching quizzes found
Score Distribution
Percent of People with Each Score
Percentile by Number Answered
Your Score History
You have not taken this quiz